Известь. 1: Отзывчивость сельскохозяйственных растений на известкование в связи с почвенной кислотностью и степенью насыщенность почв основаниями (Запись № 13597943)

Подробности
000 -МАРКЕР
контрольное поле 02012nam2a2200349 4500
001 - ИДЕНТИФИКАТОР ЗАПИСИ
контрольное поле rc\2934007
005 - ИДЕНТИФИКАТОР ВЕРСИИ
контрольное поле 20260315055331.0
035 ## - ДРУГИЕ СИСТЕМНЫЕ НОМЕРА
Идентификатор записи (NLR Aleph) 007083239
100 ## - ДАННЫЕ ОБЩЕЙ ОБРАБОТКИ
Данные общей обработки 20110821d1934 u y0rusy50 ca
101 0# - ЯЗЫК РЕСУРСА
Язык текста, звукозаписи и т.д. русский
102 ## - СТРАНА ПУБЛИКАЦИИ ИЛИ ПРОИЗВОДСТВА
Страна публикации Российская Федерация
105 ## - ПОЛЕ КОДИРОВАННЫХ ДАННЫХ: ТЕКСТОВЫЕ МАТЕРИАЛЫ, МОНОГРАФИЧЕСКИЕ
Кодированные данные о монографическом текстовом документе a z |||||
200 1# - ЗАГЛАВИЕ И СВЕДЕНИЯ ОБ ОТВЕТСТВЕННОСТИ
Основное заглавие Отзывчивость сельскохозяйственных растений на известкование в связи с почвенной кислотностью и степенью насыщенность почв основаниями
Первые сведения об ответственности Кедров-Зихман О.К., Ярусов С.С., Королева Е.М., Кожевникова А.Н., Корчагина В.А., Корабельщикова К.А.
210 ## - ПУБЛИКАЦИЯ, РАСПРОСТРАНЕНИЕ И ДР.
Дата издания, распространения и т.д. 1934
215 ## - ФИЗИЧЕСКАЯ ХАРАКТЕРИСТИКА
Специфическое обозначение материала и объем 142, [3] с.
Другие сведения о физической характеристике ил.
225 1# - СЕРИЯ
Основное заглавие серии Труды
Сведения об ответственности СССР. НКЗ. Акад. с.-х. наук им. В.И. Ленина. Всес. науч.-иссл. ин-т удобрений, агротехники и агропочвоведения им. К.К. Гедройца ...
Обозначение тома Вып. 6
300 ## - ОБЩИЕ ПРИМЕЧАНИЯ
Текст примечания Тит. л. ошибочно: Вып. 5
300 ## - ОБЩИЕ ПРИМЕЧАНИЯ
Текст примечания Резюме на нем. яз.
320 ## - ПРИМЕЧАНИЯ О НАЛИЧИИ В ДОКУМЕНТЕ БИБЛИОГРАФИИ / УКАЗАТЕЛЯ
Текст примечания Библиогр.: "Использ. лит." (24 назв.)
461 #0 - УРОВЕНЬ НАБОРА
Встроенное поле 001rc\2934006
-- 2001#$aИзвесть$fРед. коллегия: И.Г. Дикусар, О.К. Кедров-Зихман, С.С. Ярусов$v1
Системный номер (АБИС) связанной записи 6498463
Место публикации Москва
Дата публикации 1934
Первые сведения об ответственности Ред. коллегия: И.Г. Дикусар, О.К. Кедров-Зихман, С.С. Ярусов
Имя издателя, распространителя и т.д. ВИУА им. К. К. Гедройца
Заглавие Известь
Номер тома 1
700 #1 - ИМЯ ЛИЦА - ПЕРВИЧНАЯ ОТВЕТСТВЕННОСТЬ
Начальный элемент ввода Кедров-Зихман
Часть имени, кроме начального элемента ввода О.К.
Расширение инициалов личного имени Оскар Карлович
701 #1 - ИМЯ ЛИЦА - АЛЬТЕРНАТИВНАЯ ОТВЕТСТВЕННОСТЬ
Начальный элемент ввода Ярусов
Часть имени, кроме начального элемента ввода С.С.
701 #1 - ИМЯ ЛИЦА - АЛЬТЕРНАТИВНАЯ ОТВЕТСТВЕННОСТЬ
Начальный элемент ввода Королева
Часть имени, кроме начального элемента ввода Е.М.
701 #1 - ИМЯ ЛИЦА - АЛЬТЕРНАТИВНАЯ ОТВЕТСТВЕННОСТЬ
Начальный элемент ввода Кожевникова
Часть имени, кроме начального элемента ввода А.Н.
701 #1 - ИМЯ ЛИЦА - АЛЬТЕРНАТИВНАЯ ОТВЕТСТВЕННОСТЬ
Начальный элемент ввода Корчагина
Часть имени, кроме начального элемента ввода В.А.
701 #1 - ИМЯ ЛИЦА - АЛЬТЕРНАТИВНАЯ ОТВЕТСТВЕННОСТЬ
Начальный элемент ввода Корабельщикова
Часть имени, кроме начального элемента ввода К.А.
801 #0 - ИСТОЧНИК ЗАПИСИ
Страна Российская Федерация
Организация NLR
Правила каталогизации psbo
801 #1 - ИСТОЧНИК ЗАПИСИ
Страна Российская Федерация
Организация ELAR
Источник данных rusmarc
852 ## - МЕСТОНАХОЖДЕНИЕ И ШИФР ХРАНЕНИЯ
Идентификатор организации NLR
Шифр хранения (Call Number) 33-19/587(6)
942 ## - ДОПОЛНИТЕЛЬНЫЕ ЭЛЕМЕНТЫ ЗАПИСИ (АБИС)
Тип экземпляра АБИС Неопределено
980 ## - КОЛЛЕКЦИЯ
Название коллекции Национальная библиография

Нет доступных экземпляров.